Sigmund Freud 1: 1886-1897
Uloženo v:
| Hlavní autor: | |
|---|---|
| Médium: | Kniha |
| Jazyk: | španělština |
| Vydáno: |
Madrid
Biblioteca Nueva
2003
|
| Vydání: | 1a. ed |
| Edice: | Colección Vida y Pensamiento Psicoanalítico, 7
|
| Témata: | |
| Tagy: |
Přidat tag
Žádné tagy, Buďte první, kdo vytvoří štítek k tomuto záznamu!
|
MARC
| LEADER | 00000nam a2200000 a 4500 | ||
|---|---|---|---|
| 001 | UCJ2357 | ||
| 003 | CL-VaPUC | ||
| 008 | 061214e20030000SP |||||||||||||||||spa|d | ||
| 020 | |a 8470305832 | ||
| 082 | 0 | 4 | |a 150.195 |b COB |2 21 |
| 100 | 0 | |a Coblence, Francoise |e author |9 503381 | |
| 245 | 1 | 0 | |a Sigmund Freud 1: 1886-1897 |
| 250 | |a 1a. ed | ||
| 300 | |a 169 p | ||
| 942 | |c BK | ||
| 945 | |d 20061214 00:00:00 |a cmena | ||
| 260 | |a Madrid |b Biblioteca Nueva |c 2003 | ||
| 600 | 0 | |a Freud, Sigmund |e author |9 307892 | |
| 650 | 0 | |a Psicoanálisis |9 265702 | |
| 650 | 7 | |a ESCUELAS DE PSICOLOGIA |2 CL-VaPUC |9 334607 | |
| 650 | 7 | |a PSICOTERAPIA |2 CL-VaPUC |9 503382 | |
| 583 | |a last modification |c 20061214 00:00:00 |k Rodrigo Vera | ||
| 490 | 0 | |a Colección Vida y Pensamiento Psicoanalítico, 7 | |
| 999 | |c 318685 |d 318683 | ||
| 952 | |0 0 |1 0 |4 0 |6 150_195000000000000_COB_2003 |7 0 |8 A |9 396692 |a BIBEDU |b BIBEDU |d 2019-11-22 |i 4300297 |o 150.195 COB 2003 |p 4300297 |r 2019-11-22 |w 2019-11-22 |y BK |k PSI | ||